000 00299nam a22001337a 4500
008 181012b xxu||||| |||| 00| 0 eng d
020 _a9780071814478
041 _aeng
080 _210th
_a610
100 _a4
101 _aSHM
245 _aDiagnostic Examination
_cLeBlond,R.F
942 _2udc
_cBK
999 _c49541
_d49541